00773nam a2200205 a 450000100100000000500170001000800410002704000250006808200150009310000370010824501520014526000540029730000270035165000330037865000340041165000340044570000380047970000330051799900170055000002083820260202103257.0100818nuuuuuuuuxxu 000 0 spa d aDO-SdBNPbspacBPJMB a268bH318d1 aHarrison de Grice, Ethel.94367410aDepartamento de primarios libro a /cEthel Harrison de Grice ; version castellana Carlos Ramírez ; resición y corrección Ana María Swenson. aTexas :bCasa Bautista de Publicaciones,c[19??]. a79 p. :bil. ;c27 cm. 4aEducación cristiana911641 4aEducación católica912402 0aIglesia y educación 9174751 aRamírez L., Carlos,etr.9436751 aSwenson, Ana María.943676 c20341d20341